Logo BPK

Biblioteka

Politechniki Koszalińskiej

Gesellschaftliche Einrichtungen in Wohngebäuden / (Rekord nr 27128)

Szczegóły MARC
000 -ETYKIETA REKORDU
podpole kontrolne o stałej długości 00444nam a2200169 i 4500
001 - NUMER KONTROLNY REKORDU
pole kontrolne bg
040 ## - ŹRÓDŁO KATALOGOWANIA
Instytucja, która utworzyła rekord BPK
041 ## - KOD JĘZYKA
Kod języka tekstu pol
080 ## - UNIWERSALNA KLASYFIKACJA DZIESIĘTNA - UKD
UKD 711.4:72
008 - POLE O STAŁEJ DŁUGOŚCI - DANE KONTROLNE
podpole kontrolne o stałej długości s pl f |000 0 pol
100 1# - NAZWA OSOBOWA
Nazwa osobowa BOTE, Peter
245 #0 - TYTUŁ/ODPOWIEDZIALNOŚĆ
Tytuł Gesellschaftliche Einrichtungen in Wohngebäuden /
Pozostałe elementy strefy tytułu i oznaczenia odpowiedzialności Peter Bote, Karin Kirsch, Christian Neumann.
260 ## - STREFA ADRESU WYDAWNICZEGO
Miejsce wydania Berlin,
Data publikacji, dystrybucji/powstania dokumentu 1970.
700 1# - HASŁO DODATKOWE - NAZWA OSOBOWA
Nazwa osobowa KIRSCH, Karin
700 1# - HASŁO DODATKOWE - NAZWA OSOBOWA
Nazwa osobowa NEUMANN, Christian
856 ## - LOKALIZACJA I DOSTĘP DO ELEKTRONICZNYCH DOKUMENTÓW ZDALNYCH
Link (URL) http://koha.tu.koszalin.pl/cgi-bin/koha/opac-detail.pl?biblionumber=27128
Tekst linku Katalog online BPK
942 ## - DODATKOWE ELEMENTY (KOHA)
Typ dokumentu Książka
Egzemplarze
Wycofany Status egzemplarza Uszkodzony Dostępność Lokalizacja stała Lokalizacja bieżąca Miejsce przechowywania Sygnatura Kod kreskowy Typ dokumentu
      Dostępny Biblioteka Politechniki Koszalińskiej Biblioteka Politechniki Koszalińskiej Wypożyczalnia BG 18938 01701555 Książka
© 2023 Biblioteka Politechniki Koszalińskiej :: KOHA